What country would you be in if you... - Statistics

General Stats
  • This quiz has been taken 39 times
  • The average score is 10 of 12
Answer Stats
Continent Question Answer % Correct
Europe If you were to explore an famous abandoned city near Kiev Ukraine
100%
Asia If you wanted to be in the most populous country in the world China
97%
Europe If you were to visit the Louvre France
97%
North America If you wanted a taco from it home country Mexico
97%
Europe If you were to tour around Auschwitz Poland
97%
Asia If you wanted to watch famous boyband BTS in their home town South Korea
94%
Africa If you wanted to visit giant pyramids in the desert Egypt
91%
North America If you wanted to be in a country that speaks both French and English Canada
88%
Oceania If you wanted to be in a country that is directly adjacent to Asia Papua New Guinea
76%
South America If you wanted to send around $8.35 (or more) on a McDonalds Big Mac Venezuela
56%
Africa If you wanted to go to a country with 5 striped colours on their flag Seychelles
47%
Asia If you wanted to visit the Valley of the Stars Iran
32%
No matching quizzes found
Score Distribution
Percent of People with Each Score
Percentile by Number Answered
Your Score History
You have not taken this quiz